Mrak může být pro účetní skvělý pomocník
Cloudové služby, ktoré ponúkajú základné možnosti využívania a prístup k dátam v účtovnej firme. Nástroje cloudových aplikácií, synchronizácia zložiek a ich využívanie.
Gespeichert in:
| 1. Verfasser: | |
|---|---|
| Format: | Buchkapitel |
| Sprache: | Tschechisch |
| Schlagworte: | |
| Tags: |
Keine Tags, Fügen Sie das erste Tag hinzu!
|
MARC
| LEADER | 00000naa a2200000 4500 | ||
|---|---|---|---|
| 001 | 0192862 | ||
| 005 | 20230925092420.0 | ||
| 041 | 0 | |a cze | |
| 044 | |a CZ | ||
| 245 | 1 | 0 | |a Mrak může být pro účetní skvělý pomocník |c Martin Mach |
| 520 | |a Cloudové služby, ktoré ponúkajú základné možnosti využívania a prístup k dátam v účtovnej firme. Nástroje cloudových aplikácií, synchronizácia zložiek a ich využívanie. | ||
| 610 | 2 | 0 | |a cloud computing |
| 610 | 2 | 0 | |a distribúcia informácií |
| 610 | 2 | 0 | |a siete počítačové |
| 610 | 2 | 0 | |a siete dátové |
| 610 | 2 | 0 | |a systémy počítačové distribuované |
| 610 | 2 | 0 | |a internet |
| 100 | 1 | |a Mach, Martin | |